Orders and families of Malayan seed plants : Synopsis of orders and families of Malayan gymnosperms, dicotyledons and monocotyledons

Bibliographic Details
Main Author: KENG 1923-
Other Authors: Ro-Siu
Format: Book
Published: Singapore : Singapore University Press , 1983 (1994)
Edition:3rd ed.
Subjects:

MARC

LEADER 00000cam a2200000 7i4500
001 0000000205
005 20000719.0
090 0 0 |a 582.095951   |b KEN 1994 
100 1 0 |a KENG   |h Hsuan   |c 1923- 
245 1 0 |a Orders and families of Malayan seed plants :   |b Synopsis of orders and families of Malayan gymnosperms, dicotyledons and monocotyledons   |c Hsuan Keng   |f illustrations by Ro-Siu Ling Keng 
250 0 0 |a 3rd ed. 
260 0 0 |a Singapore :   |b Singapore University Press ,   |c 1983 (1994) 
300 |a xli, 441 p. :   |b ill. ;   |c 23 cm. 
500 0 0 |a Bibliography: [p.425-429] and index 
650 0 0 |a Botany   |z Malaysia   |x Classification 
650 0 0 |a Botany   |z Singapore   |x Classification 
700 0 1 |a Ro-Siu   |h Ling Keng 
999 |a 0000001363   |b Monograph   |c Open Shelf   |e Default branch 
999 |a 0000001364   |b Monograph   |c Reference   |e Default branch